Globalism and comparative public administration / (Record no. 2535)

000 -LEADER
fixed length control field 01984cam a2200397 a 4500
001 - CONTROL NUMBER
control field 16859383
003 - CONTROL NUMBER IDENTIFIER
control field OSt
005 - DATE AND TIME OF LATEST TRANSACTION
control field 20180117085943.0
008 - FIXED-LENGTH DATA ELEMENTS--GENERAL INFORMATION
fixed length control field 110706s2012 flu b 001 0 eng
010 ## - LIBRARY OF CONGRESS CONTROL NUMBER
LC control number 2011027774
016 7# - NATIONAL BIBLIOGRAPHIC AGENCY CONTROL NUMBER
Record control number 015804578
Source Uk
020 ## - INTERNATIONAL STANDARD BOOK NUMBER
International Standard Book Number 9781439854587 (hardcover : alk. paper)
020 ## - INTERNATIONAL STANDARD BOOK NUMBER
International Standard Book Number 1439854580 (hardcover : alk. paper)
035 ## - SYSTEM CONTROL NUMBER
System control number (OCoLC)ocn741103673
040 ## - CATALOGING SOURCE
Original cataloging agency DLC
Transcribing agency DLC
Modifying agency YDX
-- YDXCP
-- BWX
-- IXA
-- UKMGB
-- CDX
-- DLC
042 ## - AUTHENTICATION CODE
Authentication code pcc
050 00 - LIBRARY OF CONGRESS CALL NUMBER
Classification number JF1351
Item number .J73 2012
082 00 - DEWEY DECIMAL CLASSIFICATION NUMBER
Classification number 351
Edition number 23
100 1# - MAIN ENTRY--PERSONAL NAME
Personal name Jreisat, Jamil E.
245 10 - TITLE STATEMENT
Title Globalism and comparative public administration /
Statement of responsibility, etc. Jamil Jreisat.
260 ## - PUBLICATION, DISTRIBUTION, ETC.
Place of publication, distribution, etc. Boca Raton :
Name of publisher, distributor, etc. CRC Press,
Date of publication, distribution, etc. c2012.
300 ## - PHYSICAL DESCRIPTION
Extent xv, 221 p. ;
Dimensions 24 cm.
490 0# - SERIES STATEMENT
Series statement Public administration and public policy ;
Volume/sequential designation 161
500 ## - GENERAL NOTE
General note Rev. ed. of: Comparative public administration and policy. 2002.
504 ## - BIBLIOGRAPHY, ETC. NOTE
Bibliography, etc. note Includes bibliographical references and index.
505 0# - FORMATTED CONTENTS NOTE
Formatted contents note Governance and globalism -- Comparative public administration -- Bureaucracy -- Comparative research and methods -- Comparative public policy -- Administration of developing countries -- Administration of developed systems -- Global ethics and public service.
650 #0 - SUBJECT ADDED ENTRY--TOPICAL TERM
Topical term or geographic name entry element Public administration.
650 #0 - SUBJECT ADDED ENTRY--TOPICAL TERM
Topical term or geographic name entry element Comparative government.
650 #0 - SUBJECT ADDED ENTRY--TOPICAL TERM
Topical term or geographic name entry element Public administration
Form subdivision Cross-cultural studies.
700 1# - ADDED ENTRY--PERSONAL NAME
Personal name Jreisat, Jamil E.
Title of a work Comparative public administration and policy.
906 ## - LOCAL DATA ELEMENT F, LDF (RLIN)
a 7
b cbc
c orignew
d 1
e ecip
f 20
g y-gencatlg
942 ## - ADDED ENTRY ELEMENTS (KOHA)
Source of classification or shelving scheme
Koha item type Book
Holdings
Withdrawn status Lost status Source of classification or shelving scheme Damaged status Not for loan Collection code Permanent Location Current Location Shelving location Date acquired Total Checkouts Full call number Barcode Date last seen Price effective from Koha item type Checked out Date last checked out
            Central Library (CL) Central Library (CL) General Stacks 01/26/2016   351 JRE S3H-P-170 01/26/2016 01/26/2016 Book    
            Central Library (CL) Central Library (CL) General Stacks 02/24/2017 2 351 JRE S3H-P-169 10/24/2018 02/24/2017 Book 02/21/2019 10/24/2018
© 2023 Central Library, National University of Sciences and Technology. All Rights Reserved.